North American Wildlife- Sudden Death - Statistics

General Stats
  • This quiz has been taken 410 times
  • The average score is 8 of 17
Answers on the Grid
Answers color-coded by a green-red scale on the quiz's grid according to % correct below.
Beaver
Porcupine
Mountain Lion
Black Bear
Kodiak Bear
Raccoon
Moose
White-Tailed Deer
Cottonmouth
Alligator
Gila Monster
Bald Eagle
Golden Eagle
Jaguar
Flamingo
Peccary
Bobcat
Sloth Bear
Hedgehog
Boomslang
King Cobra
Snow Leopard
Meerkat
Wildebeest
Tanuki
Leopard Seal
Hippo
Golden Lion Tamarin
Impala
Ostrich
 
Answer Stats
Answer % Correct
Bald Eagle
65%
Moose
60%
Beaver
59%
Black Bear
59%
Mountain Lion
59%
Bobcat
58%
Alligator
57%
Raccoon
57%
White-Tailed Deer
56%
Porcupine
49%
Kodiak Bear
43%
Cottonmouth
42%
Golden Eagle
40%
Flamingo
35%
Gila Monster
34%
Jaguar
27%
Peccary
25%
No matching quizzes found
Score Distribution
Percent of People with Each Score
Percentile by Number Answered
Your Score History
You have not taken this quiz